Legal case news (Record no. 83688)
[ view plain ]
| 000 -LEADER | |
|---|---|
| fixed length control field | 01600cab a22002295a 4500 |
| 001 - CONTROL NUMBER | |
| control field | L154631 |
| 008 - FIXED-LENGTH DATA ELEMENTS--GENERAL INFORMATION | |
| fixed length control field | 120109e20111007xxk 000 0 eng d |
| 035 ## - SYSTEM CONTROL NUMBER | |
| System control number | (Sirsi) u154631 |
| 041 0# - LANGUAGE CODE | |
| Language code of text/sound track or separate title | eng |
| 100 1# - MAIN ENTRY--PERSONAL NAME | |
| Personal name | Gordon, Warren |
| 245 00 - TITLE STATEMENT | |
| Title | Legal case news |
| Remainder of title | definition of superior landlord's consent, British Telecommunications Ltd v Rail Safety & Standards Board Ltd |
| 260 ## - PUBLICATION, DISTRIBUTION, ETC. | |
| Date of publication, distribution, etc. | 2011 |
| 490 ## - SERIES STATEMENT | |
| Series statement | Property Week |
| Volume/sequential designation | 77(40) 7 October 2011, 72-73(2) |
| 520 ## - SUMMARY, ETC. | |
| Summary, etc. | "British Telecommunications Ltd v Rail Safety & Standards Board Ltd" [2011] EWHC 2909 (Ch) determined at what point a superior landlord's consent is granted when letting a property and whether a formal licence executed by all parties is required in such circumstances or the superior landlord's consent alone is sufficient. Claimant B as landlord of a commercial property had entered into an underlease agreement with defendant R which required the consent of the superior landlord by way of licences. R later sought to terminate this agreement and did not comply with B's notice to complete. B treated the agreement as ended. "Held": HC found for B. superior landlord's consent referred to obtaining the superior landlord's consent. |
| 590 ## - LOCAL NOTE (RLIN) | |
| Local note | KA |
| 650 24 - SUBJECT ADDED ENTRY--TOPICAL TERM | |
| Topical term or geographic name entry element | BRITISH TELECOMMUNICATIONS LTD v RAIL SAFETY & STANDARDS BOARD LTD |
| 650 24 - SUBJECT ADDED ENTRY--TOPICAL TERM | |
| Topical term or geographic name entry element | MOUNT EDEN LAND V PRUDENTIAL ASSURANCE |
| 650 24 - SUBJECT ADDED ENTRY--TOPICAL TERM | |
| Topical term or geographic name entry element | AUBERGINE ENTERPRISES LTD V LAKEWOOD INTERNATIONAL LTD |
| 651 #4 - SUBJECT ADDED ENTRY--GEOGRAPHIC NAME | |
| Geographic name | England and Wales |
| Chronological subdivision | 1543- |
| 690 ## - LOCAL SUBJECT ADDED ENTRY--TOPICAL TERM (OCLC, RLIN) | |
| Topical term or geographic name as entry element | PROPERTY-COMMERCIAL PROPERTY-LEASEHOLD COMMERCIAL PROPERTY-COMMERCIAL LANDLORD AND TENANT-COMMERCIAL LEASES |
| 942 ## - ADDED ENTRY ELEMENTS (KOHA) | |
| Suppress in OPAC | 0 |
| Withdrawn status | Lost status | Source of classification or shelving scheme | Damaged status | Not for loan | Home library | Current library | Shelving location | Date acquired | Total Checkouts | Full call number | Barcode | Date last seen | Copy number | Price effective from | Koha item type |
|---|---|---|---|---|---|---|---|---|---|---|---|---|---|---|---|
| Dewey Decimal Classification | London | London | Journal article | 08/01/2012 | L154631 | 154631-1001 | 06/08/2019 | 1 | 06/08/2019 | Journal article |